Pedagogia de l'essència i pedagogia de l'existència / Bogdan Suchodolski ; traducció d'Andreu Roca i Miquel Tuneu ; introducció de Jaume Trilla i Bernet ; pròleg de Bogdan Suchodolski
Descripción Física:
LXI, 313 p. ; 19 cm
Colección:
Textos pedagògics ; 9
Materias:
Pedagogia
MARC
| LEADER | 00000nam a2200000Ia 4500 | ||
|---|---|---|---|
| 001 | 2262 | ||
| 008 | 160829s1986 xx 000 0 cat d | ||
| 080 | |a E-1-128 | ||
| 100 | |a Suchodolski, Bogdan |9 25874 | ||
| 245 | |a Pedagogia de l'essència i pedagogia de l'existència / Bogdan Suchodolski ; traducció d'Andreu Roca i Miquel Tuneu ; introducció de Jaume Trilla i Bernet ; pròleg de Bogdan Suchodolski | ||
| 260 | |a Vic : |b Eumo ; Barcelona : |b Diputació de Barcelona, |c 1986 | ||
| 300 | |a LXI, 313 p. ; |c 19 cm | ||
| 490 | |a Textos pedagògics ; 9 | ||
| 650 | |a Pedagogia |9 35391 | ||
| 700 | |a Roca, Andreu, tr. |9 22874 | ||
| 700 | |a Tuneu, Miquel, tr. |9 25875 | ||
| 700 | 1 | |a Trilla, Jaume |9 194 | |
| 710 | 1 | |a Barcelona (Catalunya : Província). |b Diputació |9 52408 | |
| 901 | |a Arxiu | ||
| 942 | |n 1 | ||
| 952 | |0 0 |1 0 |4 0 |6 E1128 |7 1 |9 43823 |a Arxiu |b Arxiu |d 2016-12-01 |l 0 |o E-1-128 |p 2262 |r 2016-12-01 00:00:00 |w 2016-12-01 |y ARXIU | ||
| 999 | |c 46373 |d 46373 | ||